Đặc điểm tiểu thuyết Bình Nguyên Lộc : Luận văn thạc sĩ chuyên ngành Văn học Việt Nam
Đề tài gồm 3 chương, chương 1: Những vấn đề chung về tiểu thuyết và thể loại tiểu thuyết trong sáng tác của Bình Nguyên Lộc; chương 2: Những đặc điểm nổi bật về nội dung trong tiểu thuyết Bình Nguyên Lộc; chương 3: Những đặc điểm no...
Сохранить в:
| Главный автор: | |
|---|---|
| Формат: | |
| Язык: | Undetermined |
| Опубликовано: |
Cần Thơ
Trường Đại học Cần Thơ
2012
|
| Предметы: | |
| Метки: |
Добавить метку
Нет меток, Требуется 1-ая метка записи!
|
| Thư viện lưu trữ: | Trung tâm Học liệu Trường Đại học Cần Thơ |
|---|
| LEADER | 01303nam a2200229Ia 4500 | ||
|---|---|---|---|
| 001 | CTU_177892 | ||
| 008 | 210402s9999 xx 000 0 und d | ||
| 082 | |a 895.9223009 | ||
| 082 | |b A107 | ||
| 088 | |a 60220121 | ||
| 100 | |a Trần, Công Anh | ||
| 245 | 0 | |a Đặc điểm tiểu thuyết Bình Nguyên Lộc : | |
| 245 | 0 | |b Luận văn thạc sĩ chuyên ngành Văn học Việt Nam | |
| 245 | 0 | |c Trần Công Anh ; Nguyễn Lâm Điền (Hướng dẫn khoa học) | |
| 260 | |a Cần Thơ | ||
| 260 | |b Trường Đại học Cần Thơ | ||
| 260 | |c 2012 | ||
| 520 | |a Đề tài gồm 3 chương, chương 1: Những vấn đề chung về tiểu thuyết và thể loại tiểu thuyết trong sáng tác của Bình Nguyên Lộc; chương 2: Những đặc điểm nổi bật về nội dung trong tiểu thuyết Bình Nguyên Lộc; chương 3: Những đặc điểm nổi bật về nghệ thuật trong tiểu thuyết Bình Nguyên Lộc. | ||
| 650 | |a Văn học Việt Nam,Vietnamese literature | ||
| 650 | |x Lịch sử và phê bình,History and criticism | ||
| 904 | |i Hải | ||
| 980 | |a Trung tâm Học liệu Trường Đại học Cần Thơ | ||